000
00207nam a22000857a 4500
008
170130b xxu||||| |||| 00| 0 eng d
100
_9
2647
_a
Singh.A
245
_a
Lab Mathematics-V
260
_a
New Delhi
_b
ESP
_c
2010
999
_c
5792
_d
5792